| 000 | 00635nam a22002297a 4500 | ||
|---|---|---|---|
| 003 | dpl | ||
| 005 | 20240222150528.0 | ||
| 008 | 240221b |||||||| |||| 00| 0 eng d | ||
| 010 | _aENG-139405 | ||
| 020 |
_a9788178246505 _c795.00 |
||
| 035 | _aEN-122937 | ||
| 037 | _bDBAD/PUB | ||
| 040 | _c0 | ||
| 082 | _a250.3 | ||
| 100 |
_962329 _aLIU,XINRU |
||
| 245 |
_aEARLY BUDDHIST SOCIETY/ _bTHE WORLD OF GAUTAMA BUDDHA; _cXINRU LIU |
||
| 260 |
_aRANIKHET _bPERMANENT BLACK _c2022 |
||
| 270 |
_aHIMALAYANA MALL ROAD, RANIKHET CANTT _bRANIKHET _e263645 |
||
| 300 |
_a207P; _c23CM (HB) |
||
| 700 | _962396 | ||
| 942 |
_2ddc _cEN _k250.3 _mLIU |
||
| 999 |
_c200996 _d200996 |
||